Southville International School and Colleges
Your cart is empty.
  • Cart
  • Lists
    Public lists Eva Luna New books Lux_list list_1
    Your lists Log in to create your own lists
  • Log in to your account
  • Your cookies
  • Search history
Southville International School and Colleges
  • Advanced search
  • Recent comments
  • Most popular
  • Libraries

Log in to your account

Log in with GOOGLE


If you do not have an external account, but do have a local account, you can still log in:

  1. Home
  2. MARC view: Who built the ark? :
Normal view MARC view ISBD view

Who built the ark? : (Record no. 113783)

[ view plain ]
MARC details
000 -LEADER
fixed length control field 00587nam a2200181 a 4500
001 - CONTROL NUMBER
control field 3593
005 - DATE AND TIME OF LATEST TRANSACTION
control field 20140414132038.0
008 - FIXED-LENGTH DATA ELEMENTS--GENERAL INFORMATION
fixed length control field 040603s19uu xx 00 eng d
020 ## - INTERNATIONAL STANDARD BOOK NUMBER
International Standard Book Number 0-671-87129-3
050 ## - LIBRARY OF CONGRESS CALL NUMBER
Classification number TR
Item number W62 1994
245 ## - TITLE STATEMENT
Title Who built the ark? :
Statement of responsibility, etc illustrated by Pam Paparone.
Remainder of title based on an African-American Spiritual /
260 ## - PUBLICATION, DISTRIBUTION, ETC. (IMPRINT)
Place of publication, distribution, etc New York :
Name of publisher, distributor, etc Simon & Schuster Books for Young Readers,
Date of publication, distribution, etc 1994.
300 ## - PHYSICAL DESCRIPTION
Extent 1 v. (unp.) : ill. ; cm.
500 ## - GENERAL NOTE
General note TR\Ps
650 ## - SUBJECT ADDED ENTRY--TOPICAL TERM
Topical term or geographic name as entry element Noah's ark
General subdivision Songs and music.
650 ## - SUBJECT ADDED ENTRY--TOPICAL TERM
Topical term or geographic name as entry element Children's songs
General subdivision United States
-- Texas.
Holdings
Withdrawn status Lost status Damaged status Use restrictions Home library Current library Shelving location Date acquired Source of acquisition Total Checkouts Full call number Barcode Date last seen Price effective from Koha item type
        Munich Library Munich Library Teachers Reference Section 06/03/2004     TR W62 1994 M5424 04/14/2014 04/14/2014 Books

Who built the ark? :

APA

(1994). Who built the ark?. New York: Simon & Schuster Books for Young Readers.

Chicago

1994. Who built the ark?. New York: Simon & Schuster Books for Young Readers.

Harvard

(1994). Who built the ark?. New York: Simon & Schuster Books for Young Readers.

MLA

Who built the ark?. New York: Simon & Schuster Books for Young Readers. 1994.

  • Place hold
  • Print
  • Cite
  • Add to your cart (remove)
  • Save record
    BIBTEX Dublin Core MARCXML MARC (non-Unicode/MARC-8) MARC (Unicode/UTF-8) MARC (Unicode/UTF-8, Standard) MODS (XML) RIS
  • More searches
    Search for this title in:
    Other Libraries (WorldCat) Other Databases (Google Scholar) Online Stores (Bookfinder.com) Open Library (openlibrary.org)

Exporting to Dublin Core...

SOUTHVILLE LIBRARY

Southville International School and Colleges Library

1281 Tropical Ave. Cor. Luxembourg St., BF Homes International, Las Pinas City

Tel. No. 8256374 / 252358 Loc. 117/146

Powered by Koha